Statistics for Biggest Cities of the Papal States with a Map

Click here to take the quiz!

General Stats

  • This quiz has been taken 78 times
  • The average score is 10 of 25

Answers on the Map

Answers color-coded by a green-red scale on the quiz's map according to % correct below.
 

Answer Stats

PopulationCity% Correct
175kRome
100%
74kBologna
90%
11kRavenna
75%
32kAncona
65%
17kRimini
65%
14kPerugia
61%
28kFerrara
59%
18kForlì
42%
16kBenevento
39%
11kUrbino
39%
16kViterbo
38%
11kPesaro
35%
17kFaenza
32%
11kImola
30%
12kAssisi
29%
10kRieti
28%
10kCivitavecchia
26%
17kTivoli
25%
11kAscoli Piceno
23%
11kJesi
22%
10kMacerata
19%
15kCittà di Castello
14%
12kVelletri
14%
11kAlatri
9%
10kVeroli
9%

Score Distribution

Percentile by Number Answered

Percent of People with Each Score

Your Score History

You have not taken this quiz